000 00270nam a22000977a 4500
008 241128b |||||||| |||| 00| 0 eng d
020 _a9780241434680
100 _aColfer Eoin
_97815
245 _aArtemis Fowl ( And The Time Paradox)-6
260 _aLondon
_bPuffin Books
_c2019
999 _c12714
_d12714